000 00327nam a2200121Ia 4500
008 190216s9999||||xx |||||||||||||| ||und||
100 _aPeter Alexander
245 0 _aShakespeare
260 _bOxford University Press
300 _a258
650 _aEnglish Stories-English Stories-English Stories-English Stories
942 _cBK
999 _c11585
_d11585